000 01236nam0a2200289 4500
001 RU\NLR\bibl\902500
005 20260405080142.0
010 _a5-699-13900-1
_95000
021 _aRU
_b2005-82960
_94097
035 _a(NLR Aleph) 000890932
090 _a1717936
_c1717936
100 _a20060202d2005 |||y0rusy50 ca
101 1 _arus
_cita
102 _aRU
105 _ay |||||||||
200 1 _aСлуга двух господ
_eкомедии
_fКарло Гольдони
_g[пер. с итал. А.К. Дживелегова и др.
_gвступ. ст. Б.Г. Реизова
_gкоммент. И.П. Володиной]
210 _aМосква
_cЭксмо
_d2005
215 _a605,[2] с.
_d21
225 1 _aЗарубежная классика
327 1 _aСодерж.: Хитрая вдова; Слуга двух господ; Кофейная; Благоразумная дама; Трактирщица; Самодуры; Забавный случай
686 _aШ6(4Ит)457-62{Лх1605}
700 1 _4070
_7ca
_8rus
_aГольдони
_bК.
_f1707-1793
_gКарло
_910488
_3RU\NLR\auth\7727456
801 0 _aRU
_bNLR
_c20060202
_grcr
801 1 _aRU
_bNLR
_c20060202
942 _cBOOK
980 _aNB